Pathway to energy sufficiency : the 2050 study /

Bibliographic Details
Other Authors: Steinhart, John S.
Format: Book
Language:English
Published: San Francisco : Friends of the Earth, [1979]
Subjects:

MARC

Tag First Indicator Second Indicator Subfields
LEADER 00000pam a2200000 i 4500
001 in00000171925
005 20151008084233.0
008 790307s1979 caua b 00000 eng
010 |a  78074807  
020 |a 0913890316 :  |c $4.95 
035 |a (OCoLC)04834147 
035 |9 AAT8415AM 
040 |a DLC  |c DLC  |d TXA  |d UtOrBLW 
043 |a n-us--- 
049 |a TXAM  |c [1557871] 
050 0 0 |a HD9502.U52  |b P37 
082 0 |a 333.7 
245 0 0 |a Pathway to energy sufficiency :  |b the 2050 study /  |c by John S. Steinhart [and others] ; foreword by David R. Brower ; edited and designed by Sidney Hollister. 
264 1 |a San Francisco :  |b Friends of the Earth,  |c [1979] 
264 4 |c ©1979 
300 |a 91 pages :  |b illustrations ;  |c 23 cm. 
336 |a text  |b txt  |2 rdacontent 
337 |a unmediated  |b n  |2 rdamedia 
338 |a volume  |b nc  |2 rdacarrier 
504 |a Bibliography: pages 81-85. 
650 0 |a Energy policy  |z United States. 
650 0 |a Energy conservation  |z United States. 
650 0 |a Economic forecasting  |z United States. 
700 1 |a Steinhart, John S. 
999 |a MARS 
999 f f |s edcba5a8-f490-339d-be14-38ddf3b6edc0  |i cc198774-ce1b-3580-898c-7a5823acd998  |t 0 
952 f f |p ric  |a Texas A&M University  |b Rellis Campus  |c Joint Library Facility  |d Remote Storage  |t 0  |e HD9502.U52 P37  |h Library of Congress classification  |i unmediated -- volume  |m A14802724631 
998 f f |a HD9502.U52 P37  |t 0  |l Remote Storage